000 00774nam a2200145Ia 4500
008 100122s9999 xx 000 0 und d
082 _b37159
_a621.3841
100 _aसोहोनी श्री वि
245 _aरेडिओ रचना आणि कार्य ( व्हॉल्व्ह व ट्रॅन्झिस्टर )
260 _bमहाराष्ट्र राज्य साहित्य मंडळ
_c1905
300 _a455
630 _aरेडिओ रचना आणि कार्य ( व्हॉल्व्ह व ट्रॅन्झिस्टर )
730 _aरेडिओ रचना आणि कार्य ( व्हॉल्व्ह व ट्रॅन्झिस्टर )
942 _cBOOK
999 _c419639
_d419636